Cómo nacen los objetos?: apuntes para una metodología proyectual
Uloženo v:
| Hlavní autor: | |
|---|---|
| Médium: | Kniha |
| Jazyk: | španělština |
| Vydáno: |
Barcelona
Gustavo Gili SL
2015
|
| Vydání: | 1a. ed |
| Témata: | |
| Tagy: |
Přidat tag
Žádné tagy, Buďte první, kdo vytvoří štítek k tomuto záznamu!
|
MARC
| LEADER | 00000cam a2200000 a 4500 | ||
|---|---|---|---|
| 001 | UCD5643 | ||
| 003 | CL-VaPUC | ||
| 005 | 20240605113259.0 | ||
| 008 | 160930e20150000sp |||||||||||||||||spa|d | ||
| 999 | |c 366267 |d 366265 | ||
| 020 | |a 9788425211546 | ||
| 040 | |c Pontificia Universidad Católica de Valparaíso | ||
| 082 | 0 | 4 | |a 745.4 |b MUN |2 21 |
| 100 | |a Munari, Bruno |e autor |9 589429 | ||
| 245 | 1 | 0 | |a Cómo nacen los objetos?: apuntes para una metodología proyectual |
| 250 | |a 1a. ed | ||
| 260 | |a Barcelona |b Gustavo Gili SL |c 2015 | ||
| 300 | |a 383 p | ||
| 583 | |a last modification |c 20160930 08:06:00 |k Rodrigo Vera | ||
| 650 | 0 | |a objetos artísticos |9 484552 |x historia | |
| 650 | 0 | |a Diseño industrial |9 262726 | |
| 650 | 7 | |a Diseño orientado a objetos |2 CL-VaPUC |9 475486 | |
| 942 | |c BK |2 ddc | ||
| 945 | |d 20160930 08:06:00 |a dcastane | ||
| 952 | |0 0 |1 0 |3 erb |4 0 |6 745_400000000000000_MUN_2015 |7 0 |8 A |9 480382 |a BIBING |b BIBING |i 5343119 |o 745.4 MUN 2015 |p 5343119 |r 2025-01-20 |w 2019-11-24 |y BK |z Catalogado en:20160930 |k EII | ||
| 952 | |0 0 |1 0 |3 erb |4 0 |6 745_400000000000000_MUN_2015 |7 0 |8 A |9 480383 |a BIBING |b BIBING |i 5343100 |o 745.4 MUN 2015 |p 5343100 |r 2025-01-20 |w 2019-11-24 |y BK |z Catalogado en:20160930 |k EII | ||